00341nam a2200133Ia 4500003000500000008004100005040001900046082000700065100001700072245005400089260004400143300000800187546001200195STCL181203s9999 xx 000 0 und d aSTCLbENcSTCL 222 aMaroky, Paul 0aScientific Questions: Volume 1: Physical Sciences bMarymatha Major SeminaryaTrichurc2002 a184 aEnglish